ბათუმის შოთა რუსთაველის სახელმწიფო უნივერსიტეტის ბიბლიოთეკა

ეკონომიკური თეორიის საფუძვლები. ნაწ. 1 / (ბიბ.ჩანაწერი № 63824)

000 -ლიდერი
ფიქსირებული სიგრძის საკონტროლო ველი 01073nam a2200193 4500
003 - საკონტროლო ნომრის იდენტიფიკატორი
საკონტროლო ველი Ge_BSU
005 - ბოლო ოპერაციის თარიღი და დრო
საკონტროლო ველი 20260128192648.0
008 - ფიქსირებული სიგრძის მონაცემთა ელემენტები - ზოგადი ინფორმაცია
ფიქსირებული სიგრძის საკონტროლო ველი 260128s1992 ge ||||| |||| 00| 0 geo d
041 ## - ენის კოდი
Language code of text/sound track or separate title geo
080 ## - უნივერსალური ათობითი კლასიფიკაციის ინდექსი
Universal Decimal Classification number 330.1(075.8) ე-49
245 ## - ცნობა სათაურის შესახებ
Title ეკონომიკური თეორიის საფუძვლები. ნაწ. 1 /
Statement of responsibility, etc თსუ, პოლიტ. ეკონომიის კათედრ; [ავტ. კოლ.: გ. ადეიშვილი და სხვ.]
264 ## - წარმოების, გამოცემის, დისტრიბუციის და სხვა ცნობები
გამოცემის, წარმოების, დისტრიბუციის... ადგილი თბილისი :
გამოცემის, წარმოების, დისტრიბუციის... სახელწოდება თბილ. უნ-ტის გამ-ბა,
გამოცემის, წარმოების, დისტრიბუციის... თარიღი 1992.
300 ## - ფიზიკური აღწერა
Extent 330 გვ.;
Other physical details 20 სმ.
504 ## - BIBLIOGRAPHY, ETC. NOTE
Bibliography, etc ბიბლიოგრაფია: გვ. 326.
653 ## - INDEX TERM--UNCONTROLLED
Uncontrolled term ეკონომიკის თეორია
700 ## - ADDED ENTRY--PERSONAL NAME
Personal name ადეიშვილი, გ.
Relator term ავტორი
9 (RLIN) 26748
710 ## - ADDED ENTRY--CORPORATE NAME
Corporate name or jurisdiction name as entry element თბილისის სახელმწიფო უნივერსიტეტი.
Subordinate unit პოლიტიკური ეკონომიის კათედრა.
9 (RLIN) 26749
942 ## - ADDED ENTRY ELEMENTS (KOHA)
Source of classification or shelving scheme
Koha item type წიგნი
ეგზემპლარები
ჩამოწერის სტატუსი დაკარგული ეგზემპლარის სტატუსი კლასიფიკაციის წყარო ან თაროზე გაწყობის სქემა დაზიანების სტატუსი არ გაიცემა მუდმივი მდებარეობა (დაცვის ადგილი) ამჟამინდელი ადგილსამყოფელი თაროზე განთავსების ადგილი შეძენის თარიღი ღირებულება, შესყიდვის ნორმალური ფასი სრული შენახვის შიფრი შტრიხკოდი ბოლო ოპერაციის თარიღი ეგზემპლარის მიმდევრობითი ნომერი (კეტერი?) ფასის ძალაში შესვლის თარიღი ეგზემპლარის სახეობა საჯარო შენიშვნა
          ბათუმის შოთა რუსთაველის სახელმწიფო უნივერსიტეტის მთავარი ბიბლიოთეკა ბათუმის შოთა რუსთაველის სახელმწიფო უნივერსიტეტის მთავარი ბიბლიოთეკა წიგნსაცავი 2026-01-28 10.00 330.1(075.8) ე-49 73575 2026-01-28 73575 2026-01-28 წიგნი 10 ლ.